[Event "Surabaya Zindgani Cup op"]
[Site "Surabaya"]
[Date "2018.11.10"]
[Round "7"]
[White "Ginting, Nasib"]
[Black "Putra, Gilang Ibad Setia"]
[Result "1/2-1/2"]
[WhiteElo "2390"]
[BlackElo "2159"]
[PlyCount "95"]
[EventDate "2018.11.07"]
[EventType "swiss"]
[EventRounds "9"]
[EventCountry "INA"]
[SourceTitle "EXT 2020"]
[Source "ChessBase"]
[SourceDate "2019.10.17"]
[SourceVersion "1"]
[SourceVersionDate "2019.10.17"]
[SourceQuality "1"]

1. d4 d6 2. Nf3 g6 3. g3 Bg7 4. Bg2 Nf6 5. c4 0-0 6. 0-0 Nbd7 7. Nc3 c5 8. b3 a6 9. Bb2 Rb8 10. Rc1 b5 11. cxb5 axb5 12. dxc5 Nxc5 13. b4 Ne6 14. Qd2 Bb7 15. Rfe1 Rc8 16. Nxb5 Ne4 17. Rxc8 Qxc8 18. Qc1 Qxc1 19. Bxc1 Ba6 20. a4 Rb8 21. Nd2 Bxb5 22. Nxe4 Bxa4 23. Bd2 Nd4 24. Nc3 Nb3 25. Nxa4 Nxd2 26. Rd1 Nb3 27. Rb1 Nd2 28. Rd1 Nc4 29. Rb1 Na3 30. Rb3 Nc2 31. Nc3 Bxc3 32. Rxc3 Nxb4 33. Rb3 Na6 34. Rxb8+ Nxb8 35. Kf1 e6 36. Bb7 d5 37. e4 d4 38. e5 f6 39. exf6 Kf7 40. Ke2 e5 41. f4 Kxf6 42. Kd3 Nd7 43. Bc8 Nc5+ 44. Kc4 Ne4 45. Kd5 Nc3+ 46. Kc4 g5 47. Bg4 h6 48. Kd3 1/2-1/2